2006 Animated Movies by Picture - Statistics

General Stats
  • This quiz has been taken 28 times
  • The average score is 6 of 12
Answer Stats
Picture Answer % Correct
Cars
100%
Happy Feet
86%
Ice Age: The Meltdown
86%
Over the Hedge
61%
Asterix and the Vikings
57%
Flushed Away
46%
Open Season
43%
Barnyard
36%
Animal Crossing: The Movie
25%
Tales from Earthsea
18%
Paprika
14%
The Girl Who Leapt Through Time
7%
No matching quizzes found
Score Distribution
Percent of People with Each Score
Percentile by Number Answered
Your Score History
You have not taken this quiz